Longwaves in the world economy

সংরক্ষণ করুন:
গ্রন্থ-পঞ্জীর বিবরন
প্রধান লেখক: Freeman, Christopher
বিন্যাস: গ্রন্থ
ভাষা:Undetermined
প্রকাশিত: London Butterworths 1983
বিষয়গুলি:
ট্যাগগুলো: ট্যাগ যুক্ত করুন
কোনো ট্যাগ নেই, প্রথমজন হিসাবে ট্যাগ করুন!
Thư viện lưu trữ: Trung tâm Học liệu Trường Đại học Cần Thơ
LEADER 00483nam a2200181Ia 4500
001 CTU_80328
008 210402s9999 xx 000 0 und d
082 |a 330.9 
082 |b F855 
100 |a Freeman, Christopher 
245 0 |a Longwaves in the world economy 
245 0 |c Christopher Freeman 
260 |a London 
260 |b Butterworths 
260 |c 1983 
650 |a Economic history 
904 |i Trọng Hải 
980 |a Trung tâm Học liệu Trường Đại học Cần Thơ